[Event "26th Klatovy B 2018"]
[Site "Klatovy CZE"]
[Date "2018.06.30"]
[Round "1.58"]
[White "Dvorakova, Olga"]
[Black "Roubal, Matyas"]
[Result "1-0"]
[WhiteElo "1556"]
[BlackElo "1100"]
[PlyCount "97"]
[EventDate "2018.06.30"]
[EventType "swiss"]
[EventRounds "9"]
[EventCountry "CZE"]

1. d4 d5 2. c4 dxc4 3. e3 Bf5 4. Bxc4 e6 5. Nc3 Bb4 6. Qa4+ Nc6 7. Bb5 Bxc3+ 8. bxc3 Qd7 9. Nf3 Nf6 10. Ne5 Qd8 11. Nxc6 bxc6 12. Bxc6+ Kf8 13. Ba3+ Kg8 14. Bxa8 Qxa8 15. O-O h5 16. f3 Rh6 17. e4 Bh7 18. Rab1 g5 19. Bc5 a6 20. Qb4 Kg7 21. Qb8 Qxb8 22. Rxb8 e5 23. Bf8+ Kg6 24. Bxh6 Kxh6 25. dxe5 Nd7 26. Rb7 Nxe5 27. Rxc7 Kg7 28. Ra7 Bg8 29. Rxa6 f6 30. Ra7+ Kg6 31. a4 Bc4 32. Ra1 Nc6 33. Rc7 Ne5 34. Rxc4 Nxc4 35. a5 Kf7 36. a6 Ke8 37. a7 Nb6 38. a8=Q+ Nxa8 39. Rxa8+ Kf7 40. Rd8 Ke7 41. Rd5 Ke6 42. c4 h4 43. c5 h3 44. c6 hxg2 45. c7 g4 46. c8=Q+ Ke7 47. Qd7+ Kf8 48. Qc7 g3 49. Rd8# 1-0

[Event "26th Klatovy B 2018"]
[Site "Klatovy CZE"]
[Date "2018.06.30"]
[Round "1.59"]
[White "Souralova, Jana"]
[Black "Rychtecky, Pavel"]
[Result "0-1"]
[WhiteElo "1100"]
[BlackElo "1547"]
[PlyCount "56"]
[EventDate "2018.06.30"]
[EventType "swiss"]
[EventRounds "9"]
[EventCountry "CZE"]

1. e4 c5 2. Nf3 e6 3. d4 cxd4 4. Nxd4 a6 5. Nc3 Qc7 6. Be2 Bb4 7. Be3 Bxc3+ 8. bxc3 Qxc3+ 9. Kf1 Nf6 10. g3 Nxe4 11. Bf3 d5 12. Kg2 O-O 13. Rf1 Nc6 14. Nxc6 Qxc6 15. Kg1 Bd7 16. Bg2 Rac8 17. Rb1 Nc3 18. Qd2 Nxb1 19. Rxb1 b5 20. Bf1 Qxc2 21. Qe1 Bc6 22. Rc1 Qa4 23. Bc5 Rfe8 24. a3 Bb7 25. Bb4 Qb3 26. Rb1 Qc2 27. Rc1 Qxc1 28. Qxc1 Rxc1 0-1

[Event "26th Klatovy B 2018"]
[Site "Klatovy CZE"]
[Date "2018.06.30"]
[Round "1.60"]
[White "Kudrna, Miroslav"]
[Black "Skutil, Frantisek Elias"]
[Result "1-0"]
[WhiteElo "1539"]
[BlackElo "1100"]
[PlyCount "61"]
[EventDate "2018.06.30"]
[EventType "swiss"]
[EventRounds "9"]
[EventCountry "CZE"]

1. e4 e5 2. Nf3 Nc6 3. Bb5 d6 4. d3 Bd7 5. Be3 Nf6 6. Nbd2 Be7 7. c3 O-O 8. O-O a6 9. Ba4 Be6 10. d4 d5 11. Bxc6 bxc6 12. Nxe5 Qd6 13. exd5 cxd5 14. h3 Ne4 15. Nxe4 dxe4 16. Bf4 g5 17. Bg3 Qb6 18. b3 f6 19. Nc4 Bxc4 20. bxc4 h6 21. h4 c6 22. hxg5 hxg5 23. Qh5 f5 24. Qg6+ Kh8 25. Be5+ Bf6 26. Bxf6+ Rxf6 27. Qxf6+ Kg8 28. Qxg5+ Kh8 29. Rab1 c5 30. Rxb6 cxd4 31. Rh6# 1-0

[Event "26th Klatovy B 2018"]
[Site "Klatovy CZE"]
[Date "2018.06.30"]
[Round "1.61"]
[White "Zeman, Jiri 2004"]
[Black "Novy, Jan"]
[Result "0-1"]
[WhiteElo "1093"]
[BlackElo "1516"]
[PlyCount "100"]
[EventDate "2018.06.30"]
[EventType "swiss"]
[EventRounds "9"]
[EventCountry "CZE"]

1. e4 d6 2. Bb5+ c6 3. Bc4 b5 4. Be2 Nf6 5. Nc3 b4 6. e5 bxc3 7. exf6 cxd2+ 8. Bxd2 exf6 9. Nf3 d5 10. O-O Bd6 11. Re1 O-O 12. Bd3 Bg4 13. h3 Bh5 14. Qe2 Nd7 15. c3 Ne5 16. Bc2 Nxf3+ 17. gxf3 Qd7 18. Qd3 Bg6 19. Qd4 Bxc2 20. Kh1 Qxh3+ 21. Kg1 Bh2+ 22. Kh1 Be5+ 23. Kg1 Bxd4 24. cxd4 Qxf3 25. Re3 Qh5 26. Rae1 Qg4+ 27. Rg3 Qxd4 28. Be3 Qxb2 29. Bh6 f5 30. Kh2 Qf6 31. Bxg7 Qxg7 32. Reg1 Qxg3+ 33. Rxg3+ Kh8 34. Rc3 Rac8 35. Rxc2 d4 36. Kg2 d3 37. Rd2 Rfd8 38. Kg3 c5 39. Kf3 c4 40. Ke3 Re8+ 41. Kd4 Re2 42. Kc3 Rxd2 43. Kxd2 c3+ 44. Kxd3 c2 45. Kd4 c1=Q 46. Ke5 Qc5+ 47. Kf6 Rc7 48. f4 Qd6+ 49. Kg5 Qg6+ 50. Kh4 Qg4# 0-1

[Event "26th Klatovy B 2018"]
[Site "Klatovy CZE"]
[Date "2018.06.30"]
[Round "1.62"]
[White "Levinsky, Ladislav"]
[Black "Stastny, Simon"]
[Result "1-0"]
[WhiteElo "1515"]
[BlackElo "1092"]
[PlyCount "81"]
[EventDate "2018.06.30"]
[EventType "swiss"]
[EventRounds "9"]
[EventCountry "CZE"]

1. Nf3 d5 2. d4 Nf6 3. Bf4 Nc6 4. e3 a6 5. Bd3 e6 6. c3 Bd6 7. Bg3 Qe7 8. Nbd2 Bd7 9. a3 e5 10. dxe5 Nxe5 11. Nxe5 Bxe5 12. Qc2 h6 13. Nf3 Bxg3 14. hxg3 b5 15. O-O-O c5 16. Nh4 c4 17. Bf5 O-O 18. Bxd7 Qxd7 19. e4 Rad8 20. exd5 Nxd5 21. Nf5 Qe6 22. Rhe1 Qf6 23. Rxd5 Qg5+ 24. f4 Qf6 25. Rxd8 Rxd8 26. Nd4 Rb8 27. Qe4 Qd6 28. Qc6 Qxc6 29. Nxc6 Rb6 30. Nd4 a5 31. Re5 b4 32. Rxa5 bxc3 33. bxc3 Rg6 34. Ne2 Re6 35. Kd2 Rd6+ 36. Ke1 Rd3 37. Rc5 Kf8 38. Rxc4 Rd6 39. Nd4 Ra6 40. a4 Ke7 41. Kd2 1-0

[Event "26th Klatovy B 2018"]
[Site "Klatovy CZE"]
[Date "2018.06.30"]
[Round "1.63"]
[White "Skrivan, Matej 2008"]
[Black "Kotesovec, Jaroslav"]
[Result "0-1"]
[WhiteElo "1056"]
[BlackElo "1514"]
[PlyCount "40"]
[EventDate "2018.06.30"]
[EventType "swiss"]
[EventRounds "9"]
[EventCountry "CZE"]

1. c4 e5 2. Nc3 Nf6 3. g3 d5 4. Bg2 c6 5. Nf3 d4 6. O-O dxc3 7. bxc3 Bd6 8. e4 O-O 9. Ng5 h6 10. Nf3 Bg4 11. h3 Be6 12. c5 Bc7 13. Ba3 Qd7 14. d4 exd4 15. cxd4 Bxh3 16. Bxh3 Qxh3 17. Nh2 Nxe4 18. Re1 Bxg3 19. Rxe4 Qxh2+ 20. Kf1 Qxf2# 0-1

[Event "26th Klatovy B 2018"]
[Site "Klatovy CZE"]
[Date "2018.06.30"]
[Round "1.64"]
[White "Stross, Frantisek 1952"]
[Black "Bukvaj, Jan"]
[Result "1-0"]
[WhiteElo "1506"]
[BlackElo "1051"]
[PlyCount "29"]
[EventDate "2018.06.30"]
[EventType "swiss"]
[EventRounds "9"]
[EventCountry "CZE"]

1. e4 c5 2. Nf3 Nf6 3. e5 Ng4 4. h3 Nh6 5. Nc3 Nc6 6. d4 e6 7. Be3 Qb6 8. d5 exd5 9. Nxd5 Qd8 10. Bc4 Nf5 11. Bg5 f6 12. exf6 Qa5+ 13. c3 g6 14. Qe2+ Kf7 15. Nc7+ 1-0

[Event "26th Klatovy B 2018"]
[Site "Klatovy CZE"]
[Date "2018.06.30"]
[Round "1.65"]
[White "Nova, Anezka"]
[Black "Safarcik, Miroslav"]
[Result "0-1"]
[WhiteElo "1033"]
[BlackElo "1505"]
[PlyCount "124"]
[EventDate "2018.06.30"]
[EventType "swiss"]
[EventRounds "9"]
[EventCountry "CZE"]

1. e4 g6 2. d4 Bg7 3. Be3 Nf6 4. Nc3 d6 5. Bb5+ c6 6. Bc4 O-O 7. Nf3 Bg4 8. O-O Nxe4 9. Nxe4 d5 10. Bxd5 cxd5 11. Nc3 Nc6 12. Re1 Re8 13. Qe2 e6 14. Rad1 Qb6 15. Qd2 Rad8 16. Na4 Qb4 17. Qxb4 Nxb4 18. c3 Nc2 19. Re2 Bxf3 20. gxf3 Nxe3 21. fxe3 b6 22. b3 Rc8 23. Rc2 Bf8 24. Nb2 b5 25. Rdd2 a5 26. Nd3 Bd6 27. Kf1 Rc7 28. a4 bxa4 29. bxa4 Rec8 30. Nb2 Rxc3 31. Rxc3 Rxc3 32. Re2 Bb4 33. Kf2 Ra3 34. Rc2 Kg7 35. Ke2 h5 36. Kd1 Rxe3 37. Kc1 Rxf3 38. Kb1 g5 39. Rc6 Rf4 40. Nd3 Rxd4 41. Nxb4 Rxb4+ 42. Ka2 Rxa4+ 43. Kb3 Rh4 44. Ra6 a4+ 45. Ka3 Rxh2 46. Rxa4 g4 47. Rf4 Kg6 48. Rf1 f5 49. Re1 Kf6 50. Re3 Rh3 51. Rb3 Rxb3+ 52. Kxb3 g3 53. Kc2 g2 54. Kd2 g1=Q 55. Ke2 Ke5 56. Kd2 Kd4 57. Kc2 Qe3 58. Kb2 Kc4 59. Ka2 Kb4 60. Kb2 Qd2+ 61. Ka1 Kb3 62. Kb1 Qd1# 0-1

[Event "26th Klatovy B 2018"]
[Site "Klatovy CZE"]
[Date "2018.06.30"]
[Round "1.66"]
[White "Sedlak, Jakub"]
[Black "Berkovec, Jakub"]
[Result "1-0"]
[WhiteElo "1500"]
[BlackElo "1000"]
[PlyCount "59"]
[EventDate "2018.06.30"]
[EventType "swiss"]
[EventRounds "9"]
[EventCountry "CZE"]

1. e4 c5 2. Nf3 d6 3. Bb5+ Bd7 4. Bxd7+ Nxd7 5. c4 Ngf6 6. Nc3 g6 7. d4 Bg7 8. O-O O-O 9. d5 Re8 10. Bd2 Qb6 11. Qa4 Qxb2 12. Rab1 Nb6 13. Qxe8+ Nxe8 14. Rxb2 Nxc4 15. Rb3 Nxd2 16. Nxd2 Bh6 17. Nc4 Rb8 18. f4 a6 19. Nb6 f6 20. Nd7 Rc8 21. Rxb7 Nc7 22. Rb8 Rf8 23. Rxf8+ Bxf8 24. Nxf8 Kxf8 25. Rb1 e5 26. fxe5 dxe5 27. Rb7 Nb5 28. Nxb5 axb5 29. Rxb5 c4 30. Rc5 1-0

[Event "26th Klatovy B 2018"]
[Site "Klatovy CZE"]
[Date "2018.06.30"]
[Round "1.67"]
[White "Berkovec, Josef"]
[Black "Kovar, Michal"]
[Result "0-1"]
[WhiteElo "1000"]
[BlackElo "1492"]
[PlyCount "48"]
[EventDate "2018.06.30"]
[EventType "swiss"]
[EventRounds "9"]
[EventCountry "CZE"]

1. e4 c5 2. Nc3 Nc6 3. Nf3 e6 4. d3 a6 5. a4 Be7 6. g3 Nf6 7. Bg2 d5 8. exd5 exd5 9. O-O Bg4 10. h3 Bd7 11. Re1 O-O 12. Bd2 Qb6 13. b3 Bd6 14. Bg5 d4 15. Bxf6 dxc3 16. Bxc3 c4 17. dxc4 Bc5 18. Qd2 Rad8 19. a5 Qa7 20. b4 Bxh3 21. Qg5 Bxf2+ 22. Kh2 f6 23. Bxf6 Rxf6 24. Kxh3 Qb8 0-1

[Event "26th Klatovy B 2018"]
[Site "Klatovy CZE"]
[Date "2018.06.30"]
[Round "1.68"]
[White "Jedlicka, Pavel"]
[Black "Cinkova, Lenka"]
[Result "1-0"]
[WhiteElo "1485"]
[BlackElo "1000"]
[PlyCount "57"]
[EventDate "2018.06.30"]
[EventType "swiss"]
[EventRounds "9"]
[EventCountry "CZE"]

1. d4 d6 2. f4 g6 3. e4 c5 4. c3 Nc6 5. Nf3 Bg4 6. Be2 Bxf3 7. Bxf3 Bg7 8. d5 Na5 9. Qa4+ Kf8 10. b4 Nc4 11. bxc5 Nb6 12. cxb6 axb6 13. Qb3 Nf6 14. Be3 Nd7 15. Bd4 e5 16. dxe6 Nc5 17. Bxg7+ Kxg7 18. Qd1 fxe6 19. Qd4+ Kf7 20. O-O Qe7 21. f5 Nb3 22. fxe6+ Qxe6 23. Bd1+ Ke7 24. Qg7+ Kd8 25. Qxh8+ Kc7 26. Qxa8 Nxa1 27. Na3 Qe5 28. Rf7+ Kc6 29. Qc8# 1-0

[Event "26th Klatovy B 2018"]
[Site "Klatovy CZE"]
[Date "2018.06.30"]
[Round "1.69"]
[White "Merinsky, Stanislav"]
[Black "Soucek, Petr"]
[Result "0-1"]
[WhiteElo "1000"]
[BlackElo "1485"]
[PlyCount "72"]
[EventDate "2018.06.30"]
[EventType "swiss"]
[EventRounds "9"]
[EventCountry "CZE"]

1. e4 e5 2. Nf3 Nf6 3. Nc3 Nc6 4. Bb5 d6 5. d4 Bd7 6. Be3 a6 7. Bc4 b5 8. Bd5 Nxd5 9. exd5 Nxd4 10. Nxd4 exd4 11. Bxd4 Qg5 12. Qe2+ Be7 13. O-O O-O 14. b4 c5 15. Be3 Qe5 16. Bd2 cxb4 17. f4 Qd4+ 18. Kh1 bxc3 19. Qxe7 cxd2 20. Qxd7 Qxd5 21. Qg4 Rac8 22. Qd1 Rfe8 23. Qf3 Qxf3 24. gxf3 Rxc2 25. Rfd1 f5 26. Kg2 Re2+ 27. Kg3 Rc3 28. Rab1 Rc2 29. a3 Ra2 30. Kh4 Rxh2+ 31. Kg3 Re2 32. Kh4 Rxa3 33. Rb4 Rxf3 34. Kg5 Kf7 35. Kxf5 Rg3 36. Rd4 g6# 0-1

[Event "26th Klatovy B 2018"]
[Site "Klatovy CZE"]
[Date "2018.06.30"]
[Round "1.70"]
[White "Chmelik, Benedikt"]
[Black "Nova, Michaela 1970"]
[Result "1-0"]
[WhiteElo "1475"]
[BlackElo "1000"]
[PlyCount "35"]
[EventDate "2018.06.30"]
[EventType "swiss"]
[EventRounds "9"]
[EventCountry "CZE"]

1. e4 e5 2. Nf3 Nc6 3. Bb5 a6 4. Ba4 Nf6 5. O-O Nxe4 6. Re1 d5 7. d3 Bf5 8. dxe4 Bg6 9. Nxe5 Bc5 10. Nxc6 Qf6 11. exd5+ Kd7 12. Be3 Bd6 13. Nc3 Qh4 14. h3 Bh5 15. Qd4 Bg4 16. Qxg4+ Qxg4 17. hxg4 h5 18. Nd4+ 1-0

[Event "26th Klatovy B 2018"]
[Site "Klatovy CZE"]
[Date "2018.06.30"]
[Round "1.71"]
[White "Studenovsky, Jaroslav 1974"]
[Black "Bastyr, Pavel"]
[Result "1-0"]
[WhiteElo "1000"]
[BlackElo "1469"]
[PlyCount "45"]
[EventDate "2018.06.30"]
[EventType "swiss"]
[EventRounds "9"]
[EventCountry "CZE"]

1. e4 c5 2. Nf3 d6 3. c3 Nf6 4. Be2 Nxe4 5. Qa4+ Nc6 6. Qxe4 d5 7. Qc2 e6 8. O-O Bd6 9. d4 c4 10. Re1 O-O 11. b3 b5 12. b4 Qc7 13. Nbd2 e5 14. dxe5 Nxe5 15. Nxe5 Bxe5 16. Nf3 Bf6 17. Be3 Re8 18. Ng5 g6 19. Nf3 Bf5 20. Qd2 Be4 21. Bd4 Re6 22. Qh6 Qe7 23. Ng5 1-0

[Event "26th Klatovy B 2018"]
[Site "Klatovy CZE"]
[Date "2018.07.01"]
[Round "2.1"]
[White "Danko, Jiri"]
[Black "Skalny, Petr"]
[Result "1-0"]
[WhiteElo "1954"]
[BlackElo "1665"]
[PlyCount "71"]
[EventDate "2018.06.30"]
[EventType "swiss"]
[EventRounds "9"]
[EventCountry "CZE"]

1. e4 d5 2. exd5 Qxd5 3. Nc3 Qa5 4. Bc4 Nf6 5. h3 Bf5 6. d3 c6 7. Qe2 e6 8. Nf3 Bd6 9. Bd2 Qc7 10. O-O-O O-O 11. Ne4 Nd5 12. Nxd6 Qxd6 13. g3 h6 14. Nh4 Bh7 15. f4 Nd7 16. Nf3 N5b6 17. Bc3 Qe7 18. Bb3 Nc5 19. Rde1 Nxb3+ 20. axb3 Nd7 21. g4 Qd6 22. Ne5 Rad8 23. g5 hxg5 24. fxg5 Bf5 25. h4 Rfe8 26. h5 Nf8 27. Kb1 Nh7 28. g6 Ng5 29. Reg1 f6 30. Nc4 Qd5 31. Rf1 Bh3 32. Rf2 Qc5 33. Rfh2 Qf5 34. Ne3 Qc5 35. h6 Rd7 36. Qh5 1-0

[Event "26th Klatovy B 2018"]
[Site "Klatovy CZE"]
[Date "2018.07.01"]
[Round "2.2"]
[White "Krobot, Jan"]
[Black "Masek, Jan"]
[Result "0-1"]
[WhiteElo "1680"]
[BlackElo "1948"]
[PlyCount "84"]
[EventDate "2018.06.30"]
[EventType "swiss"]
[EventRounds "9"]
[EventCountry "CZE"]

1. d4 Nf6 2. Bf4 g6 3. Nc3 Bg7 4. e4 d6 5. Qd2 O-O 6. O-O-O Nbd7 7. Bh6 c6 8. Be2 Qa5 9. h4 b5 10. Bf3 b4 11. Nb1 Nb6 12. Bxg7 Kxg7 13. a3 d5 14. e5 Ne4 15. Bxe4 dxe4 16. Qxb4 Qxb4 17. axb4 Nd5 18. c3 Nf4 19. Rd2 Bg4 20. f3 e3 21. fxg4 exd2+ 22. Kxd2 f6 23. g3 Nd5 24. Nf3 fxe5 25. Nxe5 Rf2+ 26. Kd3 Rg2 27. Nxc6 Rxg3+ 28. Kc4 e6 29. g5 Rc8 30. b5 a6 31. Kc5 axb5 32. Kxb5 Rg2 33. b4 Rb2 34. Kc5 Rb3 35. Rc1 Kf8 36. Kd6 Ke8 37. Kxe6 Nxc3 38. Ne5 Rxb1 39. Rc2 Rxb4 40. d5 Rb6+ 41. d6 Rxd6+ 42. Kxd6 Nb5+ 0-1

[Event "26th Klatovy B 2018"]
[Site "Klatovy CZE"]
[Date "2018.07.01"]
[Round "2.3"]
[White "Kovar, Petr2"]
[Black "Roskovec, Bedrich"]
[Result "1/2-1/2"]
[WhiteElo "1944"]
[BlackElo "1641"]
[PlyCount "50"]
[EventDate "2018.06.30"]
[EventType "swiss"]
[EventRounds "9"]
[EventCountry "CZE"]

1. e4 e6 2. d4 d5 3. Nd2 Nf6 4. e5 Nfd7 5. Bd3 c5 6. c3 b6 7. Ne2 Ba6 8. Bxa6 Nxa6 9. O-O cxd4 10. cxd4 Nb4 11. Nf3 Be7 12. a3 Nc6 13. Nf4 O-O 14. Be3 Re8 15. h4 Bxh4 16. g3 Be7 17. Kg2 Nf8 18. Rh1 f6 19. Rh3 fxe5 20. Nxe5 Nxe5 21. dxe5 Bg5 22. Qg4 Bxf4 23. Bxf4 d4 24. Rah1 Qd5+ 25. Kg1 Qe4 1/2-1/2

[Event "26th Klatovy B 2018"]
[Site "Klatovy CZE"]
[Date "2018.07.01"]
[Round "2.5"]
[White "Zidu, Jan"]
[Black "Svec, Ludek"]
[Result "1/2-1/2"]
[WhiteElo "1913"]
[BlackElo "1618"]
[PlyCount "126"]
[EventDate "2018.06.30"]
[EventType "swiss"]
[EventRounds "9"]
[EventCountry "CZE"]

1. e4 c5 2. Nc3 e6 3. Nf3 Nc6 4. d4 cxd4 5. Nxd4 Nf6 6. Ndb5 Bb4 7. a3 Bxc3+ 8. Nxc3 d5 9. exd5 exd5 10. Bg5 Be6 11. Qf3 h6 12. Bxf6 Qxf6 13. Qxf6 gxf6 14. O-O-O O-O-O 15. Be2 Rhg8 16. g3 Ne5 17. Rd4 f5 18. Rhd1 Nc6 19. R4d2 d4 20. Nb5 Rd7 21. Nxd4 Nxd4 22. Rxd4 Rxd4 23. Rxd4 Kc7 24. Kd2 Rd8 25. Rxd8 Kxd8 26. Ke3 Ke7 27. f4 Kd6 28. Kd4 Bd7 29. c4 b6 30. b4 f6 31. Bf3 Ba4 32. c5+ bxc5+ 33. bxc5+ Kc7 34. g4 fxg4 35. Bxg4 Bb3 36. Bf3 Ba4 37. Bd5 Bd7 38. Ke4 Bh3 39. Kd4 Bf5 40. Kc4 Bh3 41. a4 Bf1+ 42. Kb4 Ba6 43. a5 Be2 44. Bc4 Bf3 45. Bb5 Bd5 46. Kc3 Bf3 47. Kd4 Bg2 48. Bd3 Bc6 49. Be4 Ba4 50. a6 Bb3 51. Bb7 Bc2 52. Kd5 Bb3+ 53. Ke4 Bc2+ 54. Kf3 Bf5 55. Kg3 Kb8 56. Kh4 Bg6 57. Kg4 Kc7 58. Bd5 Kb8 59. h4 Kc7 60. f5 Be8 61. Bb7 Kb8 62. Kf4 Kc7 63. Kg4 Kb8 1/2-1/2

[Event "26th Klatovy B 2018"]
[Site "Klatovy CZE"]
[Date "2018.07.01"]
[Round "2.6"]
[White "Vavrinkova, Jitka"]
[Black "Zednik, Zdenek"]
[Result "0-1"]
[WhiteElo "1637"]
[BlackElo "1913"]
[PlyCount "60"]
[EventDate "2018.06.30"]
[EventType "swiss"]
[EventRounds "9"]
[EventCountry "CZE"]

1. e4 c5 2. c3 b6 3. d4 Bb7 4. d5 Nf6 5. Bd3 d6 6. Nf3 g6 7. O-O Bg7 8. c4 O-O 9. Nc3 Nbd7 10. Re1 Ne5 11. Nh4 e6 12. Nf3 Nxd3 13. Qxd3 e5 14. h3 Ba6 15. a4 Nh5 16. Ne2 f5 17. Ng5 Bc8 18. Ra2 h6 19. Nf3 Kh7 20. Ng3 Nxg3 21. fxg3 fxe4 22. Qxe4 Bf5 23. Qh4 Qxh4 24. Nxh4 Bd3 25. b3 e4 26. g4 Be5 27. Be3 Bg3 28. Bf2 Rxf2 29. Rxf2 Bxh4 30. Rf7+ Kg8 0-1

[Event "26th Klatovy B 2018"]
[Site "Klatovy CZE"]
[Date "2018.07.01"]
[Round "2.7"]
[White "Kanka, Matej 2000"]
[Black "Mykiska, Vojtech"]
[Result "1-0"]
[WhiteElo "1905"]
[BlackElo "1576"]
[PlyCount "95"]
[EventDate "2018.06.30"]
[EventType "swiss"]
[EventRounds "9"]
[EventCountry "CZE"]

1. Nf3 d5 2. d4 Bf5 3. e3 e6 4. Bd3 Bg6 5. O-O Bd6 6. Qe2 Nd7 7. Nbd2 c5 8. c3 Ngf6 9. e4 dxe4 10. Nxe4 Nxe4 11. Bxe4 Bxe4 12. Qxe4 Qc7 13. d5 Nf6 14. Qa4+ Qd7 15. Qxd7+ Kxd7 16. dxe6+ fxe6 17. Re1 Rhf8 18. c4 Rae8 19. h3 e5 20. Be3 h6 21. Rad1 Kc6 22. Nh4 Nd7 23. g4 Rf6 24. Nf5 Bf8 25. Kg2 Nb6 26. b3 Nc8 27. Rd5 b6 28. Bf4 g6 29. Rdxe5 Rxe5 30. Bxe5 Re6 31. Ng3 Bd6 32. Bc3 Rxe1 33. Bxe1 Be5 34. Bd2 g5 35. Nf5 Nd6 36. Nxh6 Ne4 37. Bc1 b5 38. Nf7 Bf4 39. Bxf4 gxf4 40. cxb5+ Kxb5 41. g5 Kb4 42. Kf3 Nc3 43. g6 Nd5 44. g7 Ne7 45. Ke4 Ka3 46. Kd3 Kxa2 47. Kc4 a5 48. h4 1-0

[Event "26th Klatovy B 2018"]
[Site "Klatovy CZE"]
[Date "2018.07.01"]
[Round "2.8"]
[White "Svec, Vitezslav"]
[Black "Jirasek, Jiri"]
[Result "0-1"]
[WhiteElo "1632"]
[BlackElo "1903"]
[PlyCount "86"]
[EventDate "2018.06.30"]
[EventType "swiss"]
[EventRounds "9"]
[EventCountry "CZE"]

1. d4 c5 2. d5 Nf6 3. Nc3 d6 4. e4 g6 5. Be2 Bg7 6. Nf3 Nbd7 7. O-O O-O 8. Bg5 a6 9. a4 Rb8 10. Qd2 Ng4 11. h3 Nge5 12. Bh6 Nxf3+ 13. Bxf3 Ne5 14. Be2 f5 15. Bxg7 Kxg7 16. f4 Nf7 17. Bd3 Nh6 18. Rae1 Qb6 19. Kh1 Rf7 20. e5 Qb4 21. e6 Rf8 22. b3 Ng8 23. Nb1 Qb6 24. Na3 Nf6 25. Nc4 Qc7 26. a5 Nxd5 27. Bxf5 Rxf5 28. g4 Rf6 29. Qxd5 b5 30. Qd2 bxc4 31. Qc3 Kg8 32. Qxc4 Qxa5 33. f5 Qd2 34. Re2 Qh6 35. Kh2 Rb4 36. Qd5 Rxg4 37. Qc6 Rh4 38. Rf3 Qf8 39. Rd2 Bxe6 40. Kg3 Qh6 41. Qe8+ Rf8 42. Qxe7 Rxh3+ 43. Kg2 Rh2+ 0-1

[Event "26th Klatovy B 2018"]
[Site "Klatovy CZE"]
[Date "2018.07.01"]
[Round "2.9"]
[White "Mejzr, Jan"]
[Black "Pucholt, Martin"]
[Result "1/2-1/2"]
[WhiteElo "1897"]
[BlackElo "1570"]
[PlyCount "24"]
[EventDate "2018.06.30"]
[EventType "swiss"]
[EventRounds "9"]
[EventCountry "CZE"]

1. e4 c5 2. d4 cxd4 3. c3 dxc3 4. Nxc3 Nc6 5. Nf3 d6 6. Bc4 e6 7. O-O Nf6 8. Qe2 Be7 9. Rd1 Qa5 10. Nb5 O-O 11. b4 Qxb4 12. Ba3 Qa5 1/2-1/2

[Event "26th Klatovy B 2018"]
[Site "Klatovy CZE"]
[Date "2018.07.01"]
[Round "2.10"]
[White "Asatryan, Manvel"]
[Black "Kohout, Josef 1953"]
[Result "1/2-1/2"]
[WhiteElo "1574"]
[BlackElo "1888"]
[PlyCount "103"]
[EventDate "2018.06.30"]
[EventType "swiss"]
[EventRounds "9"]
[EventCountry "CZE"]

1. e4 e6 2. d4 d5 3. e5 c5 4. c3 Ne7 5. Nf3 Nbc6 6. a3 Bd7 7. b4 cxd4 8. cxd4 Nf5 9. Be2 a6 10. O-O Be7 11. Bb2 O-O 12. Nbd2 b6 13. Rc1 f6 14. Bxa6 Nfxd4 15. Nxd4 Nxd4 16. Bb7 Ra7 17. Bxd5 fxe5 18. Be4 Be8 19. Nf3 Bh5 20. Bxd4 exd4 21. Qxd4 Rxa3 22. Qe5 Bf7 23. Rfd1 Qb8 24. b5 Bc5 25. Bc6 Bxf2+ 26. Kh1 Bc5 27. Qb2 Qa7 28. Rd7 Ra2 29. Qe5 Qa3 30. Rcd1 Qb2 31. Qg3 Ra1 32. Ne5 Rxd1+ 33. Rxd1 Be8 34. Nd7 Qe2 35. Qe1 Qxe1+ 36. Rxe1 Bxd7 37. Bxd7 e5 38. Be6+ Kh8 39. g3 Bd4 40. Rc1 g5 41. Rc8 Kg7 42. Rxf8 Kxf8 43. Kg2 h5 44. g4 Ke7 45. Bf5 hxg4 46. Kg3 Be3 47. Kxg4 Bf4 48. h4 gxh4 49. Kxh4 Kd6 50. Kg4 Kc5 51. Bd7 Kd4 52. Kf3 1/2-1/2

[Event "26th Klatovy B 2018"]
[Site "Klatovy CZE"]
[Date "2018.07.01"]
[Round "2.11"]
[White "Matejka, Jaromir"]
[Black "Hartmann, Andreas 1969"]
[Result "1-0"]
[WhiteElo "1570"]
[BlackElo "1847"]
[PlyCount "57"]
[EventDate "2018.06.30"]
[EventType "swiss"]
[EventRounds "9"]
[EventCountry "CZE"]

1. e4 d5 2. exd5 Qxd5 3. Nc3 Qd8 4. d4 c6 5. Nf3 Nf6 6. Be2 h6 7. O-O Bf5 8. h3 e6 9. Bd3 Bxd3 10. Qxd3 Qc7 11. Ne5 Nbd7 12. Bf4 Bd6 13. Rfe1 Bxe5 14. dxe5 Nh5 15. Bh2 g5 16. Ne4 Nf4 17. Bxf4 gxf4 18. Nd6+ Kf8 19. Qe4 f3 20. Qf4 Rh7 21. gxf3 Rd8 22. Rad1 Qb6 23. b3 Rg7+ 24. Kf1 Qa5 25. c4 Qb4 26. Qxh6 Kg8 27. Qh4 Rf8 28. Ne4 Rg6 29. Ng5 1-0

[Event "26th Klatovy B 2018"]
[Site "Klatovy CZE"]
[Date "2018.07.01"]
[Round "2.12"]
[White "Merinsky, Vaclav"]
[Black "Vachal, Josef1"]
[Result "1/2-1/2"]
[WhiteElo "1565"]
[BlackElo "1829"]
[PlyCount "116"]
[EventDate "2018.06.30"]
[EventType "swiss"]
[EventRounds "9"]
[EventCountry "CZE"]

1. e4 d6 2. d4 Nf6 3. Nc3 g6 4. f3 Bg7 5. Be3 O-O 6. Bc4 Nc6 7. Nge2 e5 8. d5 Ne7 9. Qd2 Bd7 10. g4 a6 11. a4 Rb8 12. a5 h5 13. gxh5 Nxh5 14. Ng3 Nxg3 15. hxg3 f6 16. Bh6 Rf7 17. Bxg7 Rxg7 18. Qh6 Kf7 19. f4 Ng8 20. Qh8 Qe7 21. O-O-O Bg4 22. Rh7 Rxh7 23. Qxh7+ Kf8 24. Rh1 Bh5 25. Qxe7+ Nxe7 26. Rh4 Bf3 27. Kd2 g5 28. Rh8+ Ng8 29. Ke3 g4 30. f5 Kg7 31. Rh2 Nh6 32. Nb1 Nf7 33. Nd2 Ng5 34. Bd3 Rh8 35. Rxh8 Kxh8 36. b4 Bd1 37. c4 Kg7 38. c5 dxc5 39. bxc5 Ba4 40. c6 bxc6 41. Bxa6 cxd5 42. Bb7 d4+ 43. Kf2 Bb5 44. a6 Bxa6 45. Bxa6 Kh6 46. Bb7 Nf7 47. Nc4 Kg7 48. Ke2 Kf8 49. Kd2 Ke7 50. Bd5 Ng5 51. Kd3 Nh3 52. Nd2 Kd6 53. Ke2 Ng5 54. Kd3 Kc5 55. Nc4 Kb4 56. Nxe5 fxe5 57. f6 c5 58. f7 Nh7 1/2-1/2

[Event "26th Klatovy B 2018"]
[Site "Klatovy CZE"]
[Date "2018.07.01"]
[Round "2.13"]
[White "Rychtecky, Pavel"]
[Black "Novotny, Jaromir"]
[Result "0-1"]
[WhiteElo "1547"]
[BlackElo "1780"]
[PlyCount "46"]
[EventDate "2018.06.30"]
[EventType "swiss"]
[EventRounds "9"]
[EventCountry "CZE"]

1. e4 c5 2. Nf3 g6 3. d4 cxd4 4. Nxd4 Bg7 5. Be3 Nc6 6. Nc3 Nf6 7. f3 O-O 8. Qd2 d5 9. O-O-O dxe4 10. fxe4 Bg4 11. Be2 Qa5 12. h3 Bxe2 13. Qxe2 Rac8 14. Nb3 Qc7 15. Qf2 b6 16. g4 Qb7 17. Kb1 Nb4 18. a3 Nxe4 19. Nxe4 Rxc2 20. Rd2 Rxd2 21. Nexd2 Qxh1+ 22. Qg1 Qxg1+ 23. Bxg1 Nd5 0-1

[Event "26th Klatovy B 2018"]
[Site "Klatovy CZE"]
[Date "2018.07.01"]
[Round "2.14"]
[White "Krupansky, Jaromir"]
[Black "Dvorakova, Olga"]
[Result "1/2-1/2"]
[WhiteElo "1765"]
[BlackElo "1556"]
[PlyCount "56"]
[EventDate "2018.06.30"]
[EventType "swiss"]
[EventRounds "9"]
[EventCountry "CZE"]

1. e4 c6 2. d4 d5 3. exd5 cxd5 4. Bd3 Nc6 5. c3 Nf6 6. Bf4 Bg4 7. Qb3 Qd7 8. Nd2 e6 9. Ngf3 Bh5 10. O-O Bg6 11. Qc2 Bd6 12. Bxd6 Qxd6 13. Rfe1 O-O 14. Ne5 Qc7 15. Nxg6 hxg6 16. Nf3 Rac8 17. Qe2 a6 18. Rac1 Na5 19. Ne5 Nc4 20. Nxc4 dxc4 21. Bb1 b5 22. Qe5 Qc6 23. Qf4 Rfd8 24. Re5 Rd5 25. Rce1 Rcd8 26. Qf3 Rxe5 27. Rxe5 Qxf3 28. gxf3 Rd5 1/2-1/2